000
00319nam a22001217a 4500
008
160526b xxu||||| |||| 00| 0 eng d
020
_a
9780827348462
020
_a
0827348460
041
_a
eng
080
_a
615
245
_a
Pharmacological aspects of nursing care:
_c
Barbary S. Reiss ; Mary E. Evans;
942
_2
udc
_c
BK
999
_c
2431
_d
2431